[Event "XXXVIII Festival A"]
[Site "Imperia ITA"]
[Date "1996.09.??"]
[Round "2"]
[White "Bozzali, Ermanno"]
[Black "Wohl, Aleksandar H."]
[WhiteElo "2195"]
[BlackElo "2400"]
[Result "0-1"]
[PlyCount "80"]
[EventDate "1996.09.01"]

1. e4 e5 2. Nf3 Nc6 3. Bb5 Nge7 4. O-O d6 5. c3 Bd7 6. d4 Ng6 7. d5 Nb8 8. Ba4
Be7 9. c4 O-O 10. Bxd7 Nxd7 11. Qc2 a5 12. Nc3 Nc5 13. Be3 Qd7 14. Nd2 Nf4 15.
Nb3 Ncd3 16. Nc1 Nxc1 17. Raxc1 f5 18. exf5 Rxf5 19. Rce1 Raf8 20. Bxf4 exf4
21. Re6 f3 22. g3 Re5 23. Rd1 Rxe6 24. dxe6 Qxe6 25. Qd3 c6 26. Qf1 Bf6 27. Re1
Qf5 28. Ne4 Be5 29. c5 d5 30. Nd6 Bxd6 31. cxd6 Rd8 32. Re7 Rxd6 33. Rxb7 h6
34. Qd1 d4 35. h3 Qe4 36. b4 d3 37. Qb3+ Rd5 38. Qc3 Qe5 39. Qd2 Qa1+ 40. Kh2
Qf1 0-1

[Event "XXXVIII Festival A"]
[Site "Imperia ITA"]
[Date "1996.09.??"]
[Round "2"]
[White "Budka, Jan"]
[Black "Pax, Horst"]
[WhiteElo "2018"]
[BlackElo "2180"]
[Result "1/2-1/2"]
[PlyCount "151"]
[EventDate "1996.09.01"]

1. e4 c5 2. c3 Nf6 3. e5 Nd5 4. d4 cxd4 5. Nf3 e6 6. cxd4 b6 7. Nc3 Nxc3 8.
bxc3 Qc7 9. Bd2 Bb7 10. Bd3 d6 11. O-O Nd7 12. Re1 dxe5 13. Nxe5 Nxe5 14. Rxe5
Bd6 15. Bb5+ Bc6 16. Qf3 Rc8 17. Bxc6+ Qxc6 18. d5 Qc7 19. Rh5 e5 20. Qg4 g6
21. Rh3 O-O 22. Qh4 f5 23. Qa4 Rf7 24. Rd1 Qc4 25. Qb3 f4 26. Be1 Rc5 27. Rhd3
Rfc7 28. Qxc4 Rxc4 29. f3 R7c5 30. Rb1 Ra5 31. Rb2 Kf7 32. Kf1 Ke7 33. Bh4+ Kf7
34. Ke2 h6 35. Be1 Ke7 36. g3 e4 37. fxe4 Rxe4+ 38. Kd1 fxg3 39. Bxg3 Bxg3 40.
hxg3 Kd6 41. Rbd2 Rc5 42. Kc2 Re5 43. Rh2 h5 44. Rf3 Rcxd5 45. Rf8 Re3 46. Rf6+
Re6 47. Rf8 Rde5 48. Rd2+ Ke7 49. Rfd8 Kf6 50. R8d7 Re7 51. R2d3 Rxd7 52. Rxd7
Re7 53. Rd3 Re6 54. Kd2 Kf5 55. a4 Kg4 56. c4 g5 57. a5 bxa5 58. c5 h4 59. gxh4
Kxh4 60. Rd6 Re5 61. c6 g4 62. Kd3 Kg3 63. Kd4 Re8 64. Kd5 Kf2 65. Rf6+ Kg2 66.
c7 Rc8 67. Kc6 g3 68. Rf5 a4 69. Ra5 Kf2 70. Rxa4 g2 71. Ra2+ Kg3 72. Ra1 Kh2
73. Kb7 Rxc7+ 74. Kxc7 g1=Q 75. Rxg1 Kxg1 76. Kc6 1/2-1/2

[Event "XXXVIII Festival A"]
[Site "Imperia ITA"]
[Date "1996.09.??"]
[Round "2"]
[White "Cirabisi, Federico"]
[Black "Minnebo, Alain"]
[WhiteElo "2180"]
[BlackElo "2214"]
[Result "1-0"]
[PlyCount "85"]
[EventDate "1996.09.01"]

1. d4 Nf6 2. e3 e6 3. Bd3 c5 4. c3 b6 5. Nh3 Bb7 6. O-O Be7 7. Nd2 O-O 8. f4 d6
9. Qe2 Nbd7 10. e4 cxd4 11. cxd4 e5 12. b4 a5 13. bxa5 bxa5 14. Rb1 Rb8 15. Nf3
exd4 16. Rxb7 Rxb7 17. e5 dxe5 18. fxe5 Nd5 19. Qe4 g6 20. Qxd5 Nc5 21. Qc4
Nxd3 22. Qxd3 Qd5 23. Bh6 Rfb8 24. Nhg5 f6 25. exf6 Bxf6 26. Ne4 Bh8 27. Nfg5
Qxa2 28. Qf3 Rb1 29. Nd2 Rxf1+ 30. Nxf1 Qb3 31. Qe4 Bf6 32. h4 a4 33. Qf4 Bxg5
34. Qxg5 d3 35. Qe5 Qb2 36. Qd5+ Kh8 37. Be3 Rb4 38. Qd8+ Kg7 39. Qe7+ Kg8 40.
Qe6+ Kg7 41. h5 Rh4 42. Qd7+ Kg8 43. Bd4 1-0

[Event "XXXVIII Festival A"]
[Site "Imperia ITA"]
[Date "1996.09.??"]
[Round "2"]
[White "Coutton, Sylvain"]
[Black "Pegoraro, Nicola"]
[WhiteElo "2155"]
[BlackElo "2034"]
[Result "1/2-1/2"]
[PlyCount "116"]
[EventDate "1996.09.01"]

1. d4 f5 2. g3 e6 3. Bg2 Nf6 4. Nf3 Be7 5. O-O O-O 6. c4 d6 7. b3 Qe8 8. Bb2 a5
9. Nbd2 Na6 10. Ne1 c5 11. e3 Ra7 12. Nd3 b6 13. Re1 Bd8 14. e4 fxe4 15. Nxe4
Nxe4 16. Bxe4 Bf6 17. d5 Bxb2 18. Nxb2 e5 19. Na4 Qd8 20. Qh5 g6 21. Qe2 Raf7
22. Rf1 Bh3 23. Bg2 Bf5 24. a3 Nb8 25. Nc3 Nd7 26. g4 Qh4 27. gxf5 gxf5 28. f4
e4 29. Qf2 Qh5 30. Ne2 Rg7 31. Ng3 Qg4 32. Qe2 Qh4 33. Qf2 Qh6 34. Kh1 Rg4 35.
Rae1 Rf7 36. Rg1 Kf8 37. Ref1 Rf6 38. h3 Qh4 39. Kh2 Qh6 40. Ne2 Rfg6 41. Qe3
Nf6 42. Bh1 Rxg1 43. Rxg1 Ng4+ 44. Rxg4 Rxg4 45. b4 axb4 46. axb4 Rg7 47. Qa3
Qh4 48. Qe3 Qe1 49. bxc5 bxc5 50. Bg2 Rf7 51. h4 h6 52. h5 Ke7 53. Bh3 Rf8 54.
Bxf5 Rxf5 55. Qxe4+ Kd8 56. Qxf5 Qxe2+ 57. Kg1 Qe1+ 58. Kg2 Qe2+ 1/2-1/2

[Event "XXXVIII Festival A"]
[Site "Imperia ITA"]
[Date "1996.09.??"]
[Round "2"]
[White "Everet, Alexandro"]
[Black "Plesek, Jiri"]
[WhiteElo "2130"]
[BlackElo "2290"]
[Result "1/2-1/2"]
[PlyCount "77"]
[EventDate "1996.09.01"]

1. d4 f5 2. c4 Nf6 3. Nc3 e6 4. g3 Bb4 5. Bg2 O-O 6. e3 d6 7. Nge2 e5 8. Bd2 c6
9. O-O Qe8 10. Nb5 Bxd2 11. Nxd6 Qe6 12. dxe5 Bb4 13. Nxc8 Qxe5 14. Qb3 Na6 15.
a3 Bc5 16. Qxb7 Nc7 17. b4 Bxe3 18. fxe3 Rfxc8 19. Nf4 a5 20. Qxc6 axb4 21. Qb6
Rxa3 22. Rxa3 bxa3 23. Qd4 Re8 24. Nd5 Ncxd5 25. cxd5 Qxd4 26. exd4 Re2 27. d6
Kf7 28. Ra1 a2 29. Bf1 Rd2 30. Bc4+ Ke8 31. Bxa2 Kd7 32. Bb3 Rxd4 33. Ra7+ Kxd6
34. Rxg7 Rd2 35. Rf7 Ke5 36. Re7+ Kd4 37. Rf7 Ke5 38. Re7+ Kd4 39. Rf7 1/2-1/2

[Event "XXXVIII Festival A"]
[Site "Imperia ITA"]
[Date "1996.09.??"]
[Round "2"]
[White "Fusari, Paolo"]
[Black "Dinser, Hans"]
[WhiteElo "1903"]
[BlackElo "2165"]
[Result "1/2-1/2"]
[PlyCount "61"]
[EventDate "1996.09.01"]

1. e4 c5 2. c3 Nf6 3. e5 Nd5 4. d4 cxd4 5. Qxd4 e6 6. Nf3 Nc6 7. Qe4 f5 8. Qe2
Be7 9. g3 a5 10. Bg2 O-O 11. O-O b5 12. Rd1 Ba6 13. Be3 Qc7 14. Bd4 Nxd4 15.
Rxd4 Qb6 16. Nbd2 Rac8 17. Nh4 Bc5 18. Rxd5 exd5 19. Bxd5+ Kh8 20. Nb3 Be7 21.
Qh5 Qh6 22. Qxh6 gxh6 23. Ng2 a4 24. Nd2 Rc5 25. Ne3 Rc7 26. f4 Bc5 27. Kf2 b4
28. c4 Bd4 29. Rb1 Bb7 30. Bxb7 Rxb7 31. Nf3 1/2-1/2

[Event "XXXVIII Festival A"]
[Site "Imperia ITA"]
[Date "1996.09.??"]
[Round "2"]
[White "Garano, Nicola"]
[Black "Vujovic, Milorad"]
[WhiteElo "2125"]
[BlackElo "2310"]
[Result "1-0"]
[PlyCount "87"]
[EventDate "1996.09.01"]

1. e4 c5 2. Nf3 a6 3. d4 cxd4 4. Nxd4 Nf6 5. Nc3 e5 6. Nf3 Bb4 7. Bd3 d5 8. Qe2
d4 9. a3 Qa5 10. Rb1 dxc3 11. axb4 Qa2 12. O-O Qxb1 13. Bh6 Qxf1+ 14. Qxf1 gxh6
15. Nxe5 Rg8 16. Qc1 Be6 17. f4 Nbd7 18. Nf3 Bh3 19. g3 Bg4 20. Nd4 h5 21. bxc3
h4 22. e5 Nh5 23. b5 hxg3 24. bxa6 bxa6 25. Qa3 Rc8 26. Qxa6 Rc5 27. Bb5 gxh2+
28. Kxh2 Rxb5 29. Nxb5 Bf3 30. Nd6+ Ke7 31. Nf5+ Kd8 32. Qa5+ Ke8 33. Nd6+ Kf8
34. Qd8+ Kg7 35. Qg5+ Kf8 36. Qd8+ Kg7 37. Qxd7 Bd5 38. Qg4+ Kf8 39. Qxh5 Rg2+
40. Kh3 Rxc2 41. Qh6+ Ke7 42. Qg7 Kd8 43. Nf5 Rxc3+ 44. Kh4 1-0

[Event "XXXVIII Festival A"]
[Site "Imperia ITA"]
[Date "1996.09.??"]
[Round "2"]
[White "Jandourek, Lukas"]
[Black "Lips, Frantisek"]
[WhiteElo "2220"]
[BlackElo "2048"]
[Result "1-0"]
[PlyCount "157"]
[EventDate "1996.09.01"]

1. e4 e6 2. d3 d5 3. Nd2 c5 4. Ngf3 Nf6 5. g3 Nc6 6. Bg2 Be7 7. O-O O-O 8. Re1
d4 9. a4 e5 10. Qe2 Bg4 11. h3 Be6 12. Ng5 Qc7 13. Nxe6 fxe6 14. Nc4 Na5 15.
Nxa5 Qxa5 16. Bd2 Qc7 17. Bf3 Rac8 18. b3 a6 19. Bg4 Qd7 20. f4 Bd6 21. Rf1
exf4 22. gxf4 Nxg4 23. hxg4 Qf7 24. Qg2 Qe7 25. Rf3 Rf7 26. Raf1 Rcf8 27. f5
exf5 28. gxf5 Be5 29. Kf2 Qh4+ 30. Kg1 Qe7 31. Kf2 Qh4+ 32. Ke2 Qh2 33. Qxh2
Bxh2 34. a5 Be5 35. Rg1 Rc8 36. Bf4 Re8 37. Kf2 Bxf4 38. Rxf4 Kf8 39. Kf3 Re5
40. Rh1 h6 41. Rg4 c4 42. dxc4 Rxa5 43. Ke2 b5 44. cxb5 Rxb5 45. Rg6 Rc5 46.
Kd2 a5 47. Rd6 Rfc7 48. Rc1 a4 49. bxa4 Rc4 50. a5 Ra4 51. Rd5 Ra7 52. Kd3 Rc7
53. Rxd4 Rxa5 54. Rd5 Ra3+ 55. c3 Ra2 56. c4 h5 57. Rh1 Ra3+ 58. Kd4 Ra4 59.
Rc5 Rd7+ 60. Ke5 Re7+ 61. Kf4 Ra2 62. Rxh5 Re2 63. e5 Rd7 64. Rd5 Rc7 65. c5
Ra7 66. Rd4 Ra1 67. e6 Rf1+ 68. Kg5 Rg2+ 69. Rg4 Rxg4+ 70. Kxg4 Rc1 71. Rh8+
Ke7 72. Rc8 Rg1+ 73. Kf4 Rf1+ 74. Ke5 Re1+ 75. Kd5 Rd1+ 76. Kc6 Rf1 77. Rc7+
Ke8 78. Rxg7 Rxf5 79. Kd6 1-0

[Event "XXXVIII Festival A"]
[Site "Imperia ITA"]
[Date "1996.09.??"]
[Round "2"]
[White "Karl, Hans"]
[Black "Travaglini, Alberto"]
[WhiteElo "2255"]
[BlackElo "2021"]
[Result "1/2-1/2"]
[PlyCount "100"]
[EventDate "1996.09.01"]

1. d4 d5 2. c4 Bf5 3. Nc3 e6 4. Nf3 c6 5. g3 Nd7 6. Bg2 Ngf6 7. O-O dxc4 8. a4
a5 9. Re1 Bb4 10. Nh4 Bg6 11. Nxg6 hxg6 12. e4 O-O 13. Qe2 Nb6 14. Rd1 Re8 15.
Bg5 Qc7 16. Bf4 Qe7 17. Be3 Qc7 18. f4 Rad8 19. Bf3 Nfd7 20. Kg2 f5 21. Bf2 Nf6
22. h4 Kf7 23. e5 Nfd5 24. Qc2 Be7 25. Rh1 Rh8 26. Qe2 Nb4 27. Rh2 Nd3 28. Rah1
Nd5 29. Be3 Nxe3+ 30. Qxe3 Qb6 31. Ne2 Rh6 32. h5 Rdh8 33. g4 Kg8 34. g5 R6h7
35. hxg6 Rxh2+ 36. Rxh2 Rxh2+ 37. Kxh2 Kf8 38. Bg2 Ke8 39. Ng3 Qxb2 40. Nh5 Bf8
41. d5 cxd5 42. Nf6+ gxf6 43. exf6 Kd7 44. Kg3 Nxf4 45. Qxf4 Bd6 46. Qxd6+ Kxd6
47. g7 f4+ 48. Kh4 Qxg2 49. g8=Q Qh2+ 50. Kg4 Qe2+ 1/2-1/2

[Event "XXXVIII Festival A"]
[Site "Imperia ITA"]
[Date "1996.09.??"]
[Round "2"]
[White "Kucera, Petr"]
[Black "De Palma, Fabrizio"]
[WhiteElo "2330"]
[BlackElo "1866"]
[Result "1-0"]
[PlyCount "81"]
[EventDate "1996.09.01"]

1. e4 c5 2. Nf3 d6 3. d4 cxd4 4. Nxd4 Nf6 5. Nc3 g6 6. Bc4 Bg7 7. h3 Nc6 8. O-O
Nxe4 9. Nxc6 bxc6 10. Nxe4 d5 11. Ng5 h6 12. Nxf7 Kxf7 13. Qf3+ Bf6 14. Bb3 Kg7
15. c4 e6 16. Bc2 e5 17. cxd5 cxd5 18. Qg3 Qe8 19. Re1 Bb7 20. Bd2 Rc8 21. Bf5
Rc4 22. b3 Rc7 23. Be3 Bh4 24. Qxh4 gxf5 25. Qg3+ Kh7 26. Bxh6 Kxh6 27. Rxe5
Qf7 28. Rae1 Rc6 29. Re7 Qf6 30. Rxb7 Qc3 31. Qxc3 Rxc3 32. Rxa7 Rd8 33. Ra4 d4
34. Rd1 d3 35. Rc4 Rc2 36. a4 Rb2 37. b4 d2 38. Kh2 Re8 39. Rd4 Re2 40. Kg3 f4+
41. Kf3 1-0

[Event "XXXVIII Festival A"]
[Site "Imperia ITA"]
[Date "1996.09.??"]
[Round "2"]
[White "Lacrosse, Marc"]
[Black "Ortega, Lexy"]
[WhiteElo "2250"]
[BlackElo "2495"]
[Result "0-1"]
[PlyCount "52"]
[EventDate "1996.09.01"]

1. d4 Nf6 2. c4 e6 3. Nf3 d5 4. Bg5 dxc4 5. e4 Bb4+ 6. Nc3 c5 7. e5 cxd4 8.
Qa4+ Nc6 9. O-O-O h6 10. exf6 hxg5 11. fxg7 Rg8 12. Nxd4 Bxc3 13. bxc3 Bd7 14.
Nxc6 Qc7 15. h4 Qf4+ 16. Rd2 Bxc6 17. Qxc4 Qxc4 18. Bxc4 g4 19. Rg1 g3 20. fxg3
Rxg7 21. Rd3 Ke7 22. Re1 Rag8 23. Ree3 Bxg2 24. Bb5 Rg4 25. Kd2 a6 26. Rd7+ Ke8
0-1

[Event "XXXVIII Festival A"]
[Site "Imperia ITA"]
[Date "1996.09.??"]
[Round "2"]
[White "Lanzani, Mario"]
[Black "Spinelli, Doriano"]
[WhiteElo "2355"]
[BlackElo "2195"]
[Result "1-0"]
[PlyCount "85"]
[EventDate "1996.09.01"]

1. e4 d5 2. exd5 Nf6 3. c4 e6 4. dxe6 Bxe6 5. d4 Bb4+ 6. Bd2 Qe7 7. Be2 Nc6 8.
d5 O-O-O 9. Nf3 Bg4 10. O-O Bxf3 11. Bxf3 Bxd2 12. dxc6 Qb4 13. Qb3 Qb6 14. c5
Qa6 15. cxb7+ Kb8 16. Nxd2 Rxd2 17. Rfd1 Rxd1+ 18. Rxd1 c6 19. Qxf7 Qxb7 20.
Qxb7+ Kxb7 21. Rd6 Rc8 22. b4 Nd5 23. Bxd5 cxd5 24. Rxd5 Kc6 25. Rd6+ Kb5 26.
a3 a5 27. Rb6+ Ka4 28. c6 Kxa3 29. bxa5 Ka4 30. g3 Kxa5 31. Rb7 Rg8 32. Rf7 Kb6
33. c7 Kb7 34. f4 Kc8 35. Kf2 h6 36. f5 Kb7 37. Kf3 g6 38. f6 Kc6 39. Rg7 Rf8
40. Rxg6 Kxc7 41. Kf4 Kd6 42. Kf5 Rh8 43. f7+ 1-0

[Event "XXXVIII Festival A"]
[Site "Imperia ITA"]
[Date "1996.09.??"]
[Round "2"]
[White "Lostuzzi, Manlio"]
[Black "Keller, Rudolf"]
[WhiteElo "2340"]
[BlackElo "2280"]
[Result "1-0"]
[PlyCount "77"]
[EventDate "1996.09.01"]

1. c4 Nf6 2. Nc3 d5 3. cxd5 Nxd5 4. g3 g6 5. Bg2 Nxc3 6. bxc3 Bg7 7. Qb3 Nc6 8.
h4 h5 9. Nh3 O-O 10. O-O a5 11. a4 Ra6 12. d4 Be6 13. Qc2 Bxh3 14. Bxh3 Qd5 15.
Bg2 Qc4 16. Be4 Rb6 17. Ba3 Rb3 18. Rfc1 f5 19. Bd3 Qf7 20. e3 Rd8 21. Qe2 e6
22. Bc4 Rxa3 23. Rxa3 Ne7 24. Rb3 b6 25. Kg2 Kh7 26. Rb5 Nd5 27. Bxd5 exd5 28.
c4 dxc4 29. Qxc4 Qxc4 30. Rxc4 Rd7 31. Rc6 Bf8 32. Rb2 Bd6 33. f3 Re7 34. Kf2
Kg7 35. Re2 Rd7 36. e4 fxe4 37. fxe4 Ba3 38. Ke3 Bc1+ 39. Rxc1 1-0

[Event "XXXVIII Festival A"]
[Site "Imperia ITA"]
[Date "1996.09.??"]
[Round "2"]
[White "Maes, Valeer"]
[Black "Zlochevskij, Alexander"]
[WhiteElo "2265"]
[BlackElo "2415"]
[Result "1/2-1/2"]
[PlyCount "69"]
[EventDate "1996.09.01"]

1. e4 e6 2. d3 d5 3. Nd2 g6 4. Ngf3 Bg7 5. g3 Ne7 6. Bg2 c5 7. O-O Nbc6 8. Re1
h6 9. c3 b6 10. exd5 Nxd5 11. Nb3 Bb7 12. d4 cxd4 13. Nfxd4 Nde7 14. Be3 O-O
15. Qd2 Kh7 16. Rad1 Qc8 17. Nxc6 Bxc6 18. Bxc6 Nxc6 19. Qe2 e5 20. Qc4 Nd4 21.
Qxc8 Nf3+ 22. Kh1 Raxc8 23. Rf1 Rfd8 24. Kg2 e4 25. Nd2 Nxd2 26. Rxd2 Rxd2 27.
Bxd2 Rd8 28. Be3 h5 29. f3 Rd3 30. Re1 Bh6 31. Kf2 exf3 32. Kxf3 Kg8 33. Kf2
Bg7 34. Ke2 Rd7 35. Rd1 1/2-1/2

[Event "XXXVIII Festival A"]
[Site "Imperia ITA"]
[Date "1996.09.??"]
[Round "2"]
[White "Malano, Francesco"]
[Black "Bozzi, Gianni"]
[WhiteElo "2080"]
[BlackElo "2250"]
[Result "0-1"]
[PlyCount "64"]
[EventDate "1996.09.01"]

1. Nf3 Nf6 2. g3 d6 3. d4 Nbd7 4. Bg2 e5 5. dxe5 dxe5 6. O-O Bc5 7. e3 O-O 8.
b3 c6 9. Bb2 Qc7 10. c4 Re8 11. Qc2 Nf8 12. Nc3 Ng6 13. Rad1 h6 14. h3 Be6 15.
Rd2 Nd7 16. e4 Rf8 17. a3 f5 18. exf5 Bxf5 19. Ne4 Be7 20. b4 Kh8 21. Rfd1 Nf6
22. Ne1 Nh4 23. Qc1 Nxg2 24. Nxf6 Nxe1 25. Rd7 Nf3+ 26. Kf1 Bxd7 27. Rxd7 Qc8
28. Rxe7 Qxh3+ 29. Ke2 Rxf6 30. Rxb7 Rd8 31. Bc3 Qg4 32. Be1 Nh2+ 0-1

[Event "XXXVIII Festival A"]
[Site "Imperia ITA"]
[Date "1996.09.??"]
[Round "2"]
[White "Micheli, Carlo"]
[Black "Mocchi, Tullio"]
[WhiteElo "2305"]
[BlackElo "2161"]
[Result "1/2-1/2"]
[PlyCount "148"]
[EventDate "1996.09.01"]

1. c4 d6 2. g3 c6 3. Bg2 Nf6 4. Nc3 e5 5. d4 Be7 6. Nf3 Nbd7 7. O-O O-O 8. Qc2
Qc7 9. b3 Re8 10. Bb2 Nf8 11. Rad1 Ng6 12. e3 Bf8 13. h3 Bd7 14. Rd2 Rad8 15.
Rc1 Bc8 16. a3 h6 17. b4 Nd7 18. d5 c5 19. Bf1 Ne7 20. e4 g6 21. Nh4 Bg7 22.
Nd1 Nf6 23. Ne3 Kh7 24. Bg2 Neg8 25. Kh2 Qe7 26. bxc5 dxc5 27. Qd1 Qd6 28. Bc3
Re7 29. a4 Rde8 30. Rb2 Rd8 31. a5 Rdd7 32. Rcb1 Rc7 33. Qe2 Nd7 34. Nc2 Re8
35. Na3 a6 36. Nc2 Ngf6 37. Ne1 Rd8 38. Nd3 Ne8 39. Rb3 Qe7 40. Nb2 Nd6 41. Re1
Re8 42. Na4 Nf6 43. Nb6 Nh5 44. Nxc8 Rcxc8 45. Nf3 Bf6 46. Nd2 Bg7 47. Bf3 Nf6
48. Qd3 Rc7 49. Bg2 Nh5 50. Rb6 Nf6 51. Rbb1 h5 52. Nf3 Nd7 53. h4 Bh6 54. Bh3
f6 55. Re2 Qg7 56. Ne1 Qe7 57. Ng2 Bg7 58. f4 Rd8 59. Be6 Nf8 60. Bh3 Nd7 61.
Be6 Nf8 62. f5 Nxe6 63. fxe6 Bh6 64. Bd2 Qg7 65. Ne3 Re7 66. Qc2 Rc7 67. Rb6
Qe7 68. Nf1 Qg7 69. Rb3 Bxd2 70. Nxd2 Rf8 71. Nf3 Rd8 72. Kg2 Qe7 73. Rb6 Qg7
74. Rb1 Qh6 1/2-1/2

[Event "XXXVIII Festival A"]
[Site "Imperia ITA"]
[Date "1996.09.??"]
[Round "2"]
[White "Mokosch, Andreas"]
[Black "Faraci, Antonino"]
[WhiteElo "2180"]
[BlackElo "2015"]
[Result "1/2-1/2"]
[PlyCount "50"]
[EventDate "1996.09.01"]

1. e4 c5 2. Nc3 Nc6 3. g3 g6 4. Bg2 Bg7 5. d3 d6 6. Be3 Nf6 7. h3 O-O 8. Qd2
Re8 9. f4 Bd7 10. g4 Nd4 11. Nd1 Bc6 12. c3 Nb5 13. Nf3 Nc7 14. O-O Rb8 15. Bf2
b5 16. Ne3 Qc8 17. Rae1 Qb7 18. Bg3 Bxe4 19. dxe4 Nxe4 20. Qc2 Nxg3 21. Nd2 d5
22. Rf3 Ne4 23. Nxe4 dxe4 24. Rf2 Qa6 25. a3 Qb6 1/2-1/2

[Event "XXXVIII Festival A"]
[Site "Imperia ITA"]
[Date "1996.09.??"]
[Round "2"]
[White "Mollero, Michele"]
[Black "Zedek, Alois"]
[WhiteElo "2030"]
[BlackElo "2275"]
[Result "0-1"]
[PlyCount "44"]
[EventDate "1996.09.01"]

1. e4 c5 2. f4 Nc6 3. Nf3 e6 4. Nc3 Nge7 5. g3 d5 6. d3 b6 7. Bg2 dxe4 8. Nxe4
Bb7 9. Ne5 Rb8 10. O-O Nd5 11. Ng5 f6 12. Nxe6 Qd6 13. Nxc6 Bxc6 14. Re1 Kf7
15. Nxf8 Rhxf8 16. Bd2 Kg8 17. Qe2 Rbe8 18. Qf2 Nc7 19. f5 Bxg2 20. Bf4 Qd7 21.
Kxg2 Nb5 22. g4 Nd4 0-1

[Event "XXXVIII Festival A"]
[Site "Imperia ITA"]
[Date "1996.09.??"]
[Round "2"]
[White "Mozny, Milos"]
[Black "Hitzgerova, Gabriela"]
[WhiteElo "2420"]
[BlackElo "2125"]
[Result "1-0"]
[PlyCount "91"]
[EventDate "1996.09.01"]

1. d4 Nf6 2. Nf3 g6 3. g3 Bg7 4. Bg2 O-O 5. O-O d6 6. c4 c6 7. Nc3 Qa5 8. h3
Be6 9. Nd2 d5 10. cxd5 Nxd5 11. Nce4 Na6 12. Nb3 Qb6 13. Ng5 Bd7 14. Bd2 Qd8
15. e4 Nf6 16. Re1 h6 17. Nf3 Be6 18. Bc3 Qd7 19. Ne5 Qc8 20. Kh2 Nd7 21. Nd3
Nb6 22. Nf4 Na4 23. Nxe6 Nxc3 24. bxc3 Qxe6 25. Qe2 Rad8 26. Rab1 Qc8 27. e5
Nb8 28. f4 b6 29. Be4 f5 30. exf6 Rxf6 31. Qc2 Kf7 32. Nd2 Nd7 33. Nf3 Nf8 34.
Qb3+ e6 35. Bxc6 Kg8 36. Be4 Kh8 37. Rb2 Rd7 38. Rbe2 Rc7 39. Re3 Nd7 40. R1e2
Nf8 41. h4 Qd8 42. Qc2 Qd7 43. Ne5 Qe8 44. Ng4 Rff7 45. Bxg6 Nxg6 46. Qxg6 1-0

[Event "XXXVIII Festival A"]
[Site "Imperia ITA"]
[Date "1996.09.??"]
[Round "2"]
[White "Mrdja, Milan"]
[Black "Etchegaray, Patrice"]
[WhiteElo "2455"]
[BlackElo "2295"]
[Result "1/2-1/2"]
[PlyCount "94"]
[EventDate "1996.09.01"]

1. e4 c5 2. Nf3 d6 3. d4 cxd4 4. Nxd4 Nf6 5. Nc3 g6 6. Bg5 Bg7 7. Bb5+ Bd7 8.
Qe2 Nc6 9. Bxc6 bxc6 10. O-O-O Qc7 11. f4 Bg4 12. Nf3 Rb8 13. Rhe1 O-O 14. h3
Bxf3 15. Qxf3 h6 16. Bh4 Qb6 17. b3 Qb4 18. Kb1 Nd7 19. Re3 Nb6 20. Kc1 Rfe8
21. g4 d5 22. Nb1 Qa5 23. a3 Nc4 24. e5 Nxe3 25. Qxe3 e6 26. Bf2 Bf8 27. b4 Qb6
28. Qe2 c5 29. Nc3 Qc6 30. b5 Qc7 31. f5 Qa5 32. Rd3 c4 33. Rf3 Bxa3+ 34. Kd2
exf5 35. gxf5 d4 36. fxg6 dxc3+ 37. Ke1 fxg6 38. Qxc4+ Kh8 39. Bd4 Bf8 40. e6+
Bg7 41. Bxg7+ Kxg7 42. Rf7+ Kg8 43. Qe4 Rxe6 44. Qxe6 Qb6 45. Qe7 Qg1+ 46. Ke2
Qg2+ 47. Ke1 Qg1+ 1/2-1/2

[Event "XXXVIII Festival A"]
[Site "Imperia ITA"]
[Date "1996.09.??"]
[Round "2"]
[White "Pujos, Stephane"]
[Black "Colombo, Paolo"]
[WhiteElo "2033"]
[BlackElo "2205"]
[Result "1/2-1/2"]
[PlyCount "107"]
[EventDate "1996.09.01"]

1. d4 Nf6 2. c4 c5 3. d5 b5 4. a4 b4 5. Nf3 g6 6. g3 d6 7. Bg2 Bg7 8. b3 Ne4 9.
Ra2 Bc3+ 10. Nfd2 Bf5 11. O-O Nxd2 12. Nxd2 Qd7 13. Bb2 Bxb2 14. Rxb2 Bh3 15.
e4 h5 16. Nf3 Bxg2 17. Kxg2 f6 18. Nh4 Rg8 19. f4 Qg4 20. Qxg4 hxg4 21. e5 fxe5
22. fxe5 Nd7 23. e6 Ne5 24. Rbf2 O-O-O 25. Rf7 Rde8 26. h3 gxh3+ 27. Kxh3 g5
28. Nf5 Rh8+ 29. Kg2 Kd8 30. Rg7 Rhg8 31. Rxg8 Rxg8 32. Nh6 Re8 33. Nf7+ Nxf7
34. Rxf7 Rg8 35. Kf3 g4+ 36. Kf4 Ke8 37. Rf5 Rg6 38. Rg5 Rf6+ 39. Kxg4 Kf8 40.
Rf5 Kg7 41. Kf4 Kg6 42. g4 Kg7 43. Kg5 Rg6+ 44. Kh4 Rh6+ 45. Rh5 Rf6 46. Rf5
Kg6 47. a5 Kg7 48. a6 Rh6+ 49. Kg5 Rg6+ 50. Kf4 Rf6 51. Rxf6 Kxf6 52. g5+ Kg7
53. Kf5 Kh7 54. Kg4 1/2-1/2

[Event "XXXVIII Festival A"]
[Site "Imperia ITA"]
[Date "1996.09.??"]
[Round "2"]
[White "Reznicek, Tomas"]
[Black "Rossi, Giampiero"]
[WhiteElo "2265"]
[BlackElo "2105"]
[Result "1-0"]
[PlyCount "115"]
[EventDate "1996.09.01"]

1. e4 c5 2. Nf3 e6 3. Nc3 a6 4. Be2 Nc6 5. O-O Qc7 6. d3 g6 7. Be3 d6 8. Qd2
Bg7 9. Nd1 Nge7 10. c3 O-O 11. Bh6 Bd7 12. Qf4 e5 13. Qd2 Bxh6 14. Qxh6 f6 15.
Ne3 Nd8 16. d4 Be6 17. d5 Bd7 18. Nd2 Nf7 19. Qh4 Kg7 20. f4 exf4 21. Qxf4 Ne5
22. Ndc4 b5 23. Nxe5 fxe5 24. Qh4 Ng8 25. Bg4 Bxg4 26. Nxg4 Qe7 27. Qxe7+ Nxe7
28. g3 h5 29. Rxf8 Rxf8 30. Nf2 Rb8 31. Kg2 b4 32. c4 a5 33. a3 bxa3 34. Rxa3
Rxb2 35. Rxa5 Nc8 36. g4 Kh6 37. Rb5 Rxb5 38. cxb5 Kg5 39. gxh5 gxh5 40. Kg3
Nb6 41. Nh3+ Kg6 42. Ng1 Kg5 43. Nf3+ Kg6 44. Nh4+ Kf6 45. Nf5 c4 46. Kf3 c3
47. Ke2 Nc4 48. Ne3 Nb6 49. Kd3 Na4 50. Nf5 Nc5+ 51. Kc2 Nxe4 52. b6 Nc5 53.
Nxd6 Nd7 54. Nc4 Kf5 55. Kxc3 Kf4 56. b7 e4 57. Kd4 Kf3 58. Ne5+ 1-0

[Event "XXXVIII Festival A"]
[Site "Imperia ITA"]
[Date "1996.09.??"]
[Round "2"]
[White "Sarno, Spartaco"]
[Black "Cugini, Verter"]
[WhiteElo "2410"]
[BlackElo "2255"]
[Result "1-0"]
[PlyCount "65"]
[EventDate "1996.09.01"]

1. c4 e5 2. Nc3 c5 3. g3 g6 4. Bg2 Bg7 5. e3 Ne7 6. Nge2 Nbc6 7. d3 a6 8. O-O
O-O 9. a3 Rb8 10. b4 cxb4 11. axb4 b5 12. cxb5 axb5 13. Qb3 Qb6 14. Bd2 d6 15.
Rfc1 Be6 16. Qa3 d5 17. Nd1 Ra8 18. Qxa8 Rxa8 19. Rxa8+ Bf8 20. Raa1 d4 21.
exd4 Nxd4 22. Nxd4 exd4 23. Ra8 Kg7 24. Rc5 Bd7 25. Rc1 Bc6 26. Bxc6 Nxc6 27.
f4 Bxb4 28. Bxb4 Nxb4 29. Nf2 Nd5 30. Rcc8 Ne7 31. Re8 Qc6 32. Rab8 b4 33. Rxe7
1-0

[Event "XXXVIII Festival A"]
[Site "Imperia ITA"]
[Date "1996.09.??"]
[Round "2"]
[White "Stodola, Jaroslav"]
[Black "Krouzel, Jaroslav"]
[WhiteElo "2130"]
[BlackElo "2240"]
[Result "1-0"]
[PlyCount "59"]
[EventDate "1996.09.01"]

1. e4 e6 2. d4 d5 3. Nc3 Bb4 4. e5 c5 5. a3 Bxc3+ 6. bxc3 Ne7 7. Qg4 O-O 8. Bd3
f5 9. exf6 Rxf6 10. Qh5 g6 11. Qh4 Rf7 12. Nf3 c4 13. Be2 Qa5 14. Bd2 Nf5 15.
Qg5 Nc6 16. h4 Rg7 17. Qf4 Qd8 18. Qh2 b5 19. h5 g5 20. g4 Nh6 21. Qg3 Nf7 22.
h6 Rg6 23. Rh5 Qe7 24. Kf1 e5 25. dxe5 Ncxe5 26. Re1 Qf6 27. Bxc4 Bxg4 28. Nxe5
Bxh5 29. Bxd5 Rxh6 30. Bxg5 1-0

[Event "XXXVIII Festival A"]
[Site "Imperia ITA"]
[Date "1996.09.??"]
[Round "2"]
[White "Tortarolo, Massimiliano"]
[Black "Arlandi, Ennio"]
[WhiteElo "2235"]
[BlackElo "2445"]
[Result "0-1"]
[PlyCount "72"]
[EventDate "1996.09.01"]

1. e4 c6 2. d4 d5 3. exd5 cxd5 4. c4 Nf6 5. Nc3 e6 6. Nf3 Be7 7. a3 O-O 8. c5
b6 9. b4 Ne4 10. Qc2 f5 11. Bd3 bxc5 12. bxc5 Bf6 13. O-O Nc6 14. Ne2 Bd7 15.
Bb2 Qc7 16. Rfd1 g5 17. Nd2 g4 18. Nf1 Be8 19. Rab1 Bg6 20. Bc1 Qg7 21. Qa4
Nxd4 22. Nxd4 Nxc5 23. Nxe6 Nxa4 24. Nxg7 Bxg7 25. Rb4 Nc3 26. Re1 Ne4 27. Rb5
Bc3 28. Rd1 d4 29. Bf4 Rac8 30. Ng3 Nc5 31. Bc4+ Bf7 32. Bxf7+ Rxf7 33. Be5 a6
34. Rbb1 Rd8 35. Ne2 Ne4 36. Nxd4 Rfd7 0-1